|
|
|
|
| LEADER |
00000naa0a2200000 4500 |
| 001 |
601123 |
| 005 |
20250211093727.0 |
| 035 |
|
|
|a (RuTPU)RU\TPU\tpu\25826
|
| 035 |
|
|
|a RU\TPU\tpu\25623
|
| 090 |
|
|
|a 601123
|
| 100 |
|
|
|a 20141009d2013 k||y0rusy50 ca
|
| 101 |
0 |
|
|a rus
|
| 102 |
|
|
|a RU
|
| 200 |
1 |
|
|a Томский политехнический университет - один из опорных вузов "Газпрома"
|f П. С. Чубик
|
| 333 |
|
|
|a В фонде НТБ ТПУ отсутствует
|
| 461 |
|
|
|t Топ Энергопром
|o специализированный журнал
|d 2011-
|
| 463 |
|
|
|t Январь-Февраль 2013
|o Спецвыпуск: РОАО "Газпром" - двадцать лет побед
|v С. 36-37
|d 2013
|
| 610 |
1 |
|
|a труды учёных ТПУ
|
| 700 |
|
1 |
|a Чубик
|b П. С.
|c российский геолог
|c профессор, ректор Томского политехнического университета (с 2008 г.)
|f 1954-
|g Петр Савельевич
|3 (RuTPU)RU\TPU\pers\24546
|
| 801 |
|
1 |
|a RU
|b 63413507
|c 20140910
|
| 801 |
|
2 |
|a RU
|b 63413507
|c 20141009
|g RCR
|
| 942 |
|
|
|c CR
|